000 00769cam a2200205 4500
001 WB3613-12
008 000000n2000 000 0 eng u
035 _a(Sirsi) u105091
245 _aDemand for new space
260 _c2000
490 _aNegotiator
_v15(6) 24 March 2000, 7(1)
520 _aResearch by DTZ Residential indicates that e-commerce is fuelling the demand for live-work space in central London. DTZ predicts that the proportion of new and converted live-work space is set to rise by 5 to 15% over the next five years as more people choose to work from home.
590 _aWB
650 _aLIVE-WORK SCHEMES
650 _aMIXED USE
650 _aE-COMMERCE
650 _aRESIDENTIAL CONVERSIONS
690 _aHOUSING-DEVELOPMENT
942 _n0
999 _c63030
_d63030